[Event "Titled Tuesday intern op 12th May"]
[Site "Chess.com INT"]
[Date "2020.05.12"]
[Round "6"]
[White "Terry, Renato"]
[Black "Mamikonyan, Vardan"]
[Result "0-1"]
[WhiteElo "2504"]
[BlackElo "2633"]
[PlyCount "112"]
[EventDate "2020.05.12"]
[EventType "swiss (blitz)"]
[EventRounds "10"]
[EventCountry "USA"]
[SourceTitle "EXT 2021"]
[Source "ChessBase"]
[SourceDate "2020.10.23"]
[SourceVersion "1"]
[SourceVersionDate "2020.10.23"]
[SourceQuality "1"]

1. e4 e5 2. Nf3 Nc6 3. c3 Nf6 4. d4 exd4 5. e5 Nd5 6. Qb3 Nb6 7. cxd4 d5 8. Bb5 Be7 9. 0-0 0-0 10. Nc3 f6 11. Re1 Bg4 12. Bxc6 bxc6 13. exf6 Bxf6 14. Ne5 Bxe5 15. dxe5 Qh4 16. Be3 Nc4 17. Bc5 Rf5 18. Ne2 Re8 19. Nd4 Qxf2+ 20. Kh1 Rfxe5 21. Rxe5 Nxe5 22. Ne6 Qf7 23. Nd4 Nd7 24. Bxa7 c5 25. Qg3 cxd4 26. Qxg4 c5 27. b4 Ne5 28. Qg5 Qxa7 29. Re1 Qf7 30. h3 Ng6 31. Rxe8+ Qxe8 32. Qxd5+ Qf7 33. Qd8+ Nf8 34. bxc5 Qf1+ 35. Kh2 Qf4+ 36. Kh1 Qc1+ 37. Kh2 Qxc5 38. a4 Kf7 39. a5 Qe5+ 40. Kh1 Ne6 41. Qd7+ Kf6 42. a6 Qc7 43. Qd5 Qc1+ 44. Kh2 Qf4+ 45. Kh1 Qf1+ 46. Kh2 Qxa6 47. h4 Ke7 48. Qe4 Qd6+ 49. Kg1 d3 50. Qb7+ Qd7 51. Qb4+ Kf7 52. Qd2 Qd4+ 53. Kh1 Qe4 54. h5 Qe2 55. Qb4 Qxh5+ 56. Kg1 Qc5+ 0-1